000 01322nam a2200337 i 4500
003 EG-GICUC
005 20260427212429.0
008 260427s2019 ua ||||fr|||| 00| 0 ara d
017 _a2018/21843
020 _a978-977-761-308-8
040 _a EG-GICUC
_bara
_c EG-GICUC
_d EG-GICUC
_erda
041 0 _aara
082 0 4 _221
_a345.693
_bد ل . ر
092 0 4 _221
099 _aLaw1 07 345.693 د ل . ر 1 ed - 2019
100 0 _aدلشاد معروف على
_eمؤلف.
245 1 0 _aرقابة القضاء على مشروعية قرارات الضبط الإداري :
_b دراسة تحليلية تأصيلية مقارنة /
_cدلشاد معروف على.
250 _aالطبعة الأولي
264 1 _aالقاهرة :
_bالمركز القومي للإصدرات القانونية،
_c2019.
300 _a367 ؛ صفحة
_c24 سم.
336 _2rda content
_atext
337 _2rda media
_aComputer
338 _2rda carrier
_aOnline Resource
504 _a.329-360 ببليوجرافيا: صفحات
546 _aالنص باللغة العربية
650 1 4 _aالرقابة القضائية علي اعمال الادارة
650 1 4 _aالقانون الإداري
856 4 0 _uhttps://fll.law.cu.edu.eg/fulltext/bks/B07-02488.pdf
905 _a77
942 _2ddc
_cBK
_e21
_n0
999 _c73723
_d73723